Advanced PHP programming : A practical guide to developing large-scale Web sites and applications with PHP 5

保存先:
書誌詳細
第一著者: Schlossnagle, George
フォーマット: 図書
言語:Undetermined
出版事項: Indianapolis Sams 2004
主題:
タグ: タグ追加
タグなし, このレコードへの初めてのタグを付けませんか!
Thư viện lưu trữ: Trung tâm Học liệu Trường Đại học Cần Thơ
LEADER 00638nam a2200217Ia 4500
001 CTU_93441
008 210402s9999 xx 000 0 und d
020 |c 648000 
082 |a 005.2 
082 |b S345 
100 |a Schlossnagle, George 
245 0 |a Advanced PHP programming : 
245 2 |b A practical guide to developing large-scale Web sites and applications with PHP 5 
245 0 |c George Schlossnagle 
260 |a Indianapolis 
260 |b Sams 
260 |c 2004 
650 |a PHP (computer program language),Web sites 
650 |x Design 
904 |i Giang 
980 |a Trung tâm Học liệu Trường Đại học Cần Thơ